| 000 | 01830nam a2200265 a 4500 | ||
|---|---|---|---|
| 008 | 120416s1973 ||||||||||||||||| || u | ||
| 020 | _a071313304x | ||
| 050 | _aTN 675.3 Rol | ||
| 100 | _aRollason, E. C | ||
| 245 | 1 | 0 | _aMetallurgy for engineers |
| 250 | _a4th ed. | ||
| 260 |
_aLondon _bEdward Arnold _c1973 |
||
| 300 | _avii, 448p. : ill. | ||
| 350 | _a0.00 | ||
| 650 | _aMETALLURGY | ||
| 995 |
_aBINDERY (DAMAGED) _D0.00 _e722994 _FCBU-MAIN LIBRARY (Kitwe) _H4 _I7.50 _jTN 675.3 Rol _M1 _UDAMAGED _y016819 _ZMain Library Open Access Collection |
||
| 995 |
_aMAIN LIBRARY OPEN ACCESS _D0.00 _e722991 _FCBU-MAIN LIBRARY (Kitwe) _H6 _I7.50 _jTN 675.3 Rol _M2 _UAVAILABLE _y016822 _ZMain Library Open Access Collection |
||
| 995 |
_aBINDERY (DAMAGED) _D0.00 _e722990 _FCBU-MAIN LIBRARY (Kitwe) _H8 _I7.50 _jTN 675.3 Rol _M5 _UDAMAGED _y016825 _ZMain Library Open Access Collection |
||
| 995 |
_aANNEX COLLECTION (Main Library) _D0.00 _e722992 _FCBU-MAIN LIBRARY (Kitwe) _H7 _I7.50 _jTN 675.3 Rol _M3 _UAVAILABLE _y016823 _ZAnnex Low-Usage Collection |
||
| 995 |
_aBINDERY (DAMAGED) _D0.00 _e726599 _FCBU-MAIN LIBRARY (Kitwe) _H5 _I7.50 _jTN 675.3 Rol _M9 _UDAMAGED _y016821 _ZMain Library Open Access Collection |
||
| 995 |
_aMAIN LIBRARY OPEN ACCESS _D0.00 _e713873 _FCBU-MAIN LIBRARY (Kitwe) _H10 _I7.50 _jTN 675.3 Rol _M6 _UAVAILABLE _y016826 _ZMain Library Open Access Collection |
||
| 995 |
_aANNEX COLLECTION (Main Library) _D0.00 _e726597 _FCBU-MAIN LIBRARY (Kitwe) _H3 _I7.50 _jTN 675.3 Rol _M8 _UAVAILABLE _WApr 26, 2007 _y016818 _ZAnnex Low-Usage Collection |
||
| 995 |
_aBINDERY (DAMAGED) _D0.00 _e726600 _FCBU-MAIN LIBRARY (Kitwe) _H1 _I7.50 _jTN 675.3 Rol _M7 _UDAMAGED _y016820 _ZMain Library Open Access Collection |
||
| 995 |
_aMAIN LIBRARY OPEN ACCESS _D0.00 _e722993 _FCBU-MAIN LIBRARY (Kitwe) _H2 _I7.50 _jTN 675.3 Rol _M4 _UAVAILABLE _y016824 _ZMain Library Open Access Collection |
||
| 999 |
_c82873 _d82873 |
||